Approaches of management styles

Význam manažmentu a osoby manažéra pre úspešné fungovanie firmy. Rozličné varianty typov manažérov a štýlov manažmentu v špecializovanej literatúre. Typy manažérov podľa rôznych kritérií.

Salvato in:
Dettagli Bibliografici
Autore principale: Bordean, Ioan
Altri autori: Tureac, Cornelia Elena, Padure, Gabriela
Natura: Capitolo di libro
Lingua:inglese
Soggetti:
Tags: Aggiungi Tag
Nessun Tag, puoi essere il primo ad aggiungerne!!

MARC

LEADER 00000naa$a2200000$$$4500
001 0099066
005 20221128083434.9
041 0 |a eng 
044 |a SK 
245 1 0 |a Approaches of management styles  |c Ioan Bordean, Cornelia Elena Tureac, Gabriela Padure 
520 |a Význam manažmentu a osoby manažéra pre úspešné fungovanie firmy. Rozličné varianty typov manažérov a štýlov manažmentu v špecializovanej literatúre. Typy manažérov podľa rôznych kritérií. 
610 2 0 |a manažéri 
610 2 0 |a typológia 
610 2 0 |a manažment 
610 2 0 |a štýl vedenia 
100 1 |a Bordean, Ioan 
700 1 |a Tureac, Cornelia Elena 
700 1 |a Padure, Gabriela